[Event "Belgrade Serbia op"]
[Site "Belgrade"]
[Date "2023.07.20"]
[Round "5"]
[White "Orujov, Hasan"]
[Black "Akhmedov, David"]
[Result "0-1"]
[WhiteElo "1498"]
[BlackElo "2213"]
[PlyCount "66"]
[EventDate "2023.07.16"]
[EventType "swiss"]
[EventRounds "9"]
[EventCountry "SRB"]
[SourceTitle "CBM 215 Extra"]
[Source "ChessBase"]
[SourceDate "2023.09.30"]
[SourceVersion "1"]
[SourceVersionDate "2023.09.30"]
[SourceQuality "1"]

1. d4 Nf6 2. c4 e6 3. g3 d5 4. Nf3 Bb4+ 5. Bd2 a5 6. Bg2 0-0 7. a3 Be7 8. 0-0 dxc4 9. Qa4 c6 10. Qxc4 b5 11. Qc2 Bb7 12. Rd1 Nbd7 13. Nc3 Qb6 14. h3 b4 15. axb4 axb4 16. Na4 Qb5 17. Qb3 Ra5 18. Bf1 Rfa8 19. e4 Qh5 20. Bxb4 Bxb4 21. Qxb4 Qxf3 22. Bg2 Qh5 23. Qxb7 Qb5 24. Qc7 Rxa4 25. Rac1 Nf8 26. Rxc6 Qe2 27. Rf1 Rxd4 28. Rc2 Rd2 29. Rxd2 Qxd2 30. Rb1 Ra2 31. Qc3 Qxc3 32. bxc3 Rc2 33. Rb3 e5 0-1

[Event "Belgrade Serbia op"]
[Site "Belgrade"]
[Date "2023.07.18"]
[Round "3"]
[White "Davidov, Lazar"]
[Black "Orujov, Hasan"]
[Result "0-1"]
[WhiteElo "1901"]
[BlackElo "1498"]
[PlyCount "86"]
[EventDate "2023.07.16"]
[EventType "swiss"]
[EventRounds "9"]
[EventCountry "SRB"]
[SourceTitle "CBM 215 Extra"]
[Source "ChessBase"]
[SourceDate "2023.09.30"]
[SourceVersion "1"]
[SourceVersionDate "2023.09.30"]
[SourceQuality "1"]

1. d4 Nf6 2. Nf3 d5 3. e3 e6 4. Bd3 c5 5. c3 Nc6 6. Nbd2 Bd6 7. 0-0 0-0 8. dxc5 Bxc5 9. e4 Qc7 10. Qe2 h6 11. e5 Ng4 12. Nb3 Bb6 13. Nbd4 Ncxe5 14. Nxe5 Nxe5 15. Bf4 f6 16. Rae1 Bd7 17. Qh5 Qd8 18. Bxe5 fxe5 19. Rxe5 Bxd4 20. cxd4 Rf6 21. Qe2 Qb6 22. Rd1 Raf8 23. Bb1 Rxf2 24. Qxf2 Rxf2 25. Kxf2 Qxb2+ 26. Re2 Qb6 27. Red2 Ba4 28. Bc2 Bxc2 29. Rxc2 e5 30. Ke3 Qd6 31. Rdd2 e4 32. Rc8+ Kh7 33. Rc5 b6 34. Rc3 Qxh2 35. Re2 Qg1+ 36. Kd2 Qxd4+ 37. Kc2 Qa4+ 38. Kc1 Qe8 39. Rce3 Qe5 40. Kc2 Qa1 41. Kb3 Qb1+ 42. Kc3 Qc1+ 43. Kd4 Qc5+ 0-1